000 00908nam a2200277Ia 4500
003 GCL
008 140319s9999 xx 000 0 ara d
040 _aGCL /
_cGCL
082 0 4 _a810.8009
_bا ش
100 1 _aاحمد خالد علام
245 1 0 _aشخصيات وتيارات /
_cاحمد خالد علام
260 _a[S.N] :
_bالدار العربية للكتاب ،
_c1982
300 _a604 ص ؛
_c24سم
650 0 4 _aالادب العربى
650 0 4 _aابن خلدون
650 0 4 _aالحجاب
650 0 4 _aادب الرحلات
650 0 4 _aابوالعلاء المعرى
650 0 4 _aابن هانى الاندلسى
650 0 4 _aالادب التونسى
650 0 4 _aالشابى
650 0 4 _aالمجموعات
650 0 4 _aالجاحظ ،ابى عثمان عمرو بن بحر بن محبوب
650 0 4 _aالطاهر الحداد
942 _2ddc
_cBK
999 _c54614
_d54614